Statistics for Ken Hill's Phantom of the Opera - While Floating High Above - Missing Lyrics

Click here to take the quiz!

General Stats

  • This quiz has been taken 17 times
  • The average score is 5 of 11

Answer Stats

Phantom% Correct
While {floating} high above
93%
I hear you {speak} my name
71%
To {come} to you again
71%
I gave you {music}, and soon
50%
{Eternally}
43%
I {stole} into your dreams
36%
I {touched} your soul to mine
36%
We'll share {paradise}
36%
We'll share {paradise}
36%
You must {rest} here with me
36%
Your voice so {sweetly} calling me
36%

Score Distribution

Percentile by Number Answered

Percent of People with Each Score

Your Score History

You have not taken this quiz